000 00304nam a2200133Ia 4500
999 _c6529
_d6529
003 OSt
008 191201s2014 xx 000 0 und d
100 _aDUGGAL, S.K.
245 0 _aDesign of Steel Structures
260 _aN. delhi
_bTMH
_c2014
300 _a839
650 _aB.Tech(CE)
942 _2ddc
_cBK
_07